Top 10 Länder mit der besten Küche - Statistiken

Allgemein
  • Dieses Quiz wurde 208 mal gespielt
  • Das Durchschnittsergebnis liegt bei 8 aus 10
Antwortstatistiken
Hint Antwort % Korrekt
Platz 2 Italien
97%
Platz 8 Frankreich
94%
Platz 4 Spanien
94%
Platz 10 China
91%
Platz 9 Japan
90%
Platz 1 Griechenland
78%
Platz 3 Mexiko
78%
Platz 6 Türkei
76%
Platz 5 Portugal
67%
Platz 7 Indonesien
31%
Keine übereinstimmenden Quizze gefunden
Verteilung der Resultate
Anzahl Personen mit jedem Resultat
Perzentil nach korrekt beantworteten Fragen
Ihre Resultats-Entwicklung
Sie haben dieses Quiz noch nicht gespielt